<?xml version="1.0" encoding="UTF-8"?>
<marc:record xmlns:marc="http://www.loc.gov/MARC21/slim">
   <marc:leader>00000nam a2200000 a 4500</marc:leader>
   <marc:datafield ind1="1" ind2=" " tag="100">
      <marc:subfield code="a">Grümme, Bernhard</marc:subfield>
      <marc:subfield code="4">aut</marc:subfield>
      <marc:subfield code="e">Verfasser/-in</marc:subfield>
   </marc:datafield>
   <marc:datafield ind1=" " ind2=" " tag="653">
      <marc:subfield code="a">Politische Bildung</marc:subfield>
   </marc:datafield>
   <marc:datafield ind1=" " ind2=" " tag="653">
      <marc:subfield code="a">Katholischer Religionsunterricht</marc:subfield>
   </marc:datafield>
   <marc:datafield ind1="0" ind2="0" tag="245">
      <marc:subfield code="a">Religionsunterricht und Politik</marc:subfield>
   </marc:datafield>
   <marc:datafield ind1="0" ind2="0" tag="245">
      <marc:subfield code="b">Bestandsaufnahme - Grundsatzüberlegungen - Perspektiven für eine politische Dimension des Religionsunterrichts</marc:subfield>
   </marc:datafield>
   <marc:datafield ind1="0" ind2="0" tag="245">
      <marc:subfield code="c">Bernhard Grümme</marc:subfield>
   </marc:datafield>
   <marc:datafield ind1=" " ind2="1" tag="264">
      <marc:subfield code="a">Stuttgart</marc:subfield>
      <marc:subfield code="b">Kohlhammer</marc:subfield>
      <marc:subfield code="c">2009</marc:subfield>
   </marc:datafield>
   <marc:datafield ind1="1" ind2=" " tag="520">
      <marc:subfield code="a">Angaben aus der Verlagsmeldung

Religionsunterricht und Politik : Bestandsaufnahme - Grundsatzüberlegungen - Perspektiven für eine politische Dimension des Religionsunterrichts / von Bernhard Grümme

Das Politische im Religionsunterricht ist wesentlich eine bildungstheoretisch zu begreifende Aufgabe: Religionspädagogik muss begründen und nachweisen, dass der Religionsunterricht in seiner politischen Tiefenstruktur elementar zur Bildung gehört und dies die auf Schülerseite angezielten Kompetenzen wesentlich mitprägt. Folgende Fragen rückt Bernhard Grümme in den Mittelpunkt seiner Darstellung: Was haben Religionsunterricht und Politik miteinander zu tun? Wie gestaltet sich deren Verhältnis in der Geschichte, in aktuellen bildungspolitischen Dokumenten oder in religionspädagogischen Konzepten? Wie lässt sich ein Religionsunterricht konzipieren, der sowohl seinem bildungstheoretischen Anspruch, den Prozessen der Moderne als auch dem politischen Profil des christlichen Glaubens entspricht?
</marc:subfield>
   </marc:datafield>
   <marc:datafield ind1=" " ind2=" " tag="020">
      <marc:subfield code="a">9783170208216</marc:subfield>
      <marc:subfield code="9">9783170208216</marc:subfield>
   </marc:datafield>
   <marc:datafield ind1=" " ind2=" " tag="041">
      <marc:subfield code="a">ger</marc:subfield>
   </marc:datafield>
   <marc:datafield ind1=" " ind2=" " tag="300">
      <marc:subfield code="a">282 S.</marc:subfield>
   </marc:datafield>
</marc:record>
